| 000 | 01064nam a22002897a 4500 | ||
|---|---|---|---|
| 001 | 682 | ||
| 005 | 20231107153410.0 | ||
| 020 | _a9780525421009 | ||
| 040 |
_aDLC _cDLC _dDLC _beng |
||
| 050 | 0 | 0 |
_aPZ7.S68524 _bEse 2009 |
| 082 | 0 | 0 |
_a813.600 _222 |
| 100 | 1 |
_aSobol, Donald J., _d1924-2012. |
|
| 245 | 1 | 0 |
_aEncyclopedia Brown, super sleuth / _cDonald J. Sobol ; illustrated by James Bernardin. |
| 246 | 3 | 0 | _aSuper sleuth |
| 250 | _aFirst Scholastic printing, September 2010 | ||
| 260 |
_aNew York : _bPuffin Books, _c2007 |
||
| 300 |
_a87 pages : _billustrations _c20 cm |
||
| 490 | 0 | _aEncyclopedia Brown | |
| 505 | _aM | ||
| 520 | _aIdaville's secret weapon against lawbreakers, ten-year-old Leroy "Encyclopedia" Brown, helps the police force solve ten new cases, the solutions to which are found in the back of the book. | ||
| 521 |
_a630
_bLexile |
||
| 521 |
_aM
_bRaz-Plus |
||
| 650 | 1 | _aMystery and detective stories. | |
| 700 | 1 |
_aBernardin, James _eillustrator |
|
| 906 |
_a7 _bcbc _corignew _d1 _eecip _f20 _gy-gencatlg |
||
| 942 |
_2ddc _cBK _n0 |
||
| 999 |
_c682 _d682 |
||